Joueurs de Manchester City - Mort subite - Statistiques

Statistiques générales
  • Ce quiz a été pris 271 fois
  • Le résultat moyen est 11 sur 20
Answers on the Grid
Answers color-coded by a green-red scale on the quiz's grid according to % correct below.
Morgan Rogers
James Maddison
Aymeric Laporte
Yan Couto
Mason Mount
Scott Carson
Edin Džeko
James Milner
Nuno Mendes
Oleksandr Zinchenko
Jérôme Boateng
Youri Tielemans
Douglas Luiz
Patrick Vieira
Brahim Díaz
Marcelo Brozović
Pedro Neto
Nicolás Otamendi
Eric García
Houssem Aouar
Piotr Zieliński
Danilo
Benjamin Mendy
Jason Denayer
Harvey Barnes
Yangel Herrera
Liam Delap
Ferran Torres
Kaoru Mitoma
Emmanuel Adebayor
 
Statistiques - réponses
Réponse % Correct
Aymeric Laporte
89%
Oleksandr Zinchenko
81%
Edin Džeko
79%
Nicolás Otamendi
79%
Benjamin Mendy
76%
Ferran Torres
69%
Emmanuel Adebayor
63%
Brahim Díaz
60%
Scott Carson
60%
James Milner
59%
Liam Delap
51%
Danilo
49%
Eric García
48%
Patrick Vieira
44%
Jason Denayer
42%
Morgan Rogers
41%
Yan Couto
41%
Jérôme Boateng
33%
Yangel Herrera
25%
Douglas Luiz
21%
Aucun quiz correspondant
Distribution des résultats
% des personnes avec chaque résultat
Percentile par nombre de réponses
Votre historique - résultats
Vous n’avez pas pris ce quiz